Instructional technology and media for learning / (Record no. 10680)
[ view plain ]
| 000 -LEADER | |
|---|---|
| fixed length control field | 00666cam a22002172 4500 |
| 001 - CONTROL NUMBER | |
| control field | 0000003552 |
| 005 - DATE AND TIME OF LATEST TRANSACTION | |
| control field | 20151217154340.0 |
| 008 - FIXED-LENGTH DATA ELEMENTS--GENERAL INFORMATION | |
| fixed length control field | 070509s xx 000 0 eng d |
| 020 ## - INTERNATIONAL STANDARD BOOK NUMBER | |
| International Standard Book Number | 0131136828 : |
| 040 ## - CATALOGING SOURCE | |
| Original cataloging agency | KABU |
| Transcribing agency | KABU |
| 050 #0 - LIBRARY OF CONGRESS CALL NUMBER | |
| Classification number | LB1028.3 |
| Item number | .I57 2005 |
| 245 10 - TITLE STATEMENT | |
| Title | Instructional technology and media for learning / |
| Statement of responsibility, etc. | Sharon E. Smaldino ... [et al.] |
| 250 ## - EDITION STATEMENT | |
| Edition statement | 8th ed. |
| 260 ## - PUBLICATION, DISTRIBUTION, ETC. (IMPRINT) | |
| Place of publication, distribution, etc. | Upper Saddle River, NJ : |
| Name of publisher, distributor, etc. | Pearson, |
| Date of publication, distribution, etc. | 2005. |
| 300 ## - PHYSICAL DESCRIPTION | |
| Extent | xxiv, 405 p. |
| 650 #0 - SUBJECT ADDED ENTRY--TOPICAL TERM | |
| Topical term or geographic name as entry element | Educational technology. |
| -- | 0000153550 |
| 700 1# - ADDED ENTRY--PERSONAL NAME | |
| Personal name | Smaldino, Sharon E. |
| -- | 0000160480 |
| 908 ## - PUT COMMAND PARAMETER (RLIN) | |
| Put command parameter | 070509 |
| 950 ## - LOCAL HOLDINGS (RLIN) | |
| -- | 1 |
| Withdrawn status | Lost status | Source of classification or shelving scheme | Not for loan | Home library | Current library | Date acquired | Total Checkouts | Full call number | Barcode | Date last seen | Date last checked out | Price effective from | Koha item type | Total Renewals |
|---|---|---|---|---|---|---|---|---|---|---|---|---|---|---|
| Library of Congress Classification | Kabarak, Main Campus | Kabarak, Main Campus | 17/12/2015 | 2 | LB1028.3 .I57 2005 c. 2 | 006868 | 18/10/2017 | 12/06/2017 | 17/12/2015 | General Collection | ||||
| Library of Congress Classification | Kabarak, Main Campus | Kabarak, Main Campus | 17/12/2015 | 2 | LB1028.3 .I57 2005 c. 1 | 006867 | 11/07/2016 | 24/06/2016 | 17/12/2015 | General Collection | ||||
| Library of Congress Classification | Kabarak, Main Campus | Kabarak, Main Campus | 17/12/2015 | 3 | LB1028.3 .I57 2005 c. 3 | 009204 | 23/11/2018 | 10/11/2018 | 17/12/2015 | General Collection | 1 |